000 00675nam a22002297a 4500
003 UA-OsUOA
001 54021
007 ta
008 20080516b un ||||| |||| 00| 0 ukr d
090 _a821.161.2-1
_bК53
942 _cBK
040 _aUA-OsUOA
_bukr
_cUA-OsUOA
_dUA-OsUOA
245 _aКнига Пророка Єремії
_bУ переспівах Миколи Карпенка
300 _a224 с.
955 _a2
041 _aukr
080 _a821.161.2-1
020 _a966-8387-19-8
260 _aК.
_bВидавець Вадим Карпенко
_c2006
650 7 _a82 Література. Літературознавство
_2UDC
999 _c340107
_d340107